UBT Library

The World Book Encyclopedia. (Record no. 39634)

000 -LEADER
fixed length control field 00565cam a2200229 i 4500
001 - CONTROL NUMBER
control field 17832003
005 - DATE AND TIME OF LATEST TRANSACTION
control field 20180103071938.0
008 - FIXED-LENGTH DATA ELEMENTS--GENERAL INFORMATION
fixed length control field 130731s2014 iluab e 001 0 eng
010 ## - LIBRARY OF CONGRESS CONTROL NUMBER
LC control number 2013023368
020 ## - INTERNATIONAL STANDARD BOOK NUMBER
International Standard Book Number 9780716601142
040 ## - CATALOGING SOURCE
Original cataloging agency DLC
Language of cataloging eng
Transcribing agency DLC
Description conventions rda
041 ## - LANGUAGE CODE
Language code of text/sound track or separate title eng
042 ## - AUTHENTICATION CODE
Authentication code pcc
080 ## - UNIVERSAL DECIMAL CLASSIFICATION NUMBER
Universal Decimal Classification number R 030
082 00 - DEWEY DECIMAL CLASSIFICATION NUMBER
Classification number R 030
Edition number 23
100 ## - Rafti
Rafti 27
101 ## - Shkurtesa
Shkurtesa REF
245 04 - TITLE STATEMENT
Title The World Book Encyclopedia.
906 ## - LOCAL DATA ELEMENT F, LDF (RLIN)
a 7
b cbc
c orignew
d 1
e ecip
f 20
g y-gencatlg
942 ## - ADDED ENTRY ELEMENTS (KOHA)
Source of classification or shelving scheme
Item type Books
Holdings
Withdrawn status Lost status Source of classification or shelving scheme Damaged status Not for loan Collection code Permanent location Current location Shelving location Date acquired Total Checkouts Full call number Barcode Date last seen Price effective from Koha item type
          Koleksioni i përgjithshem UBT - Lipjan UBT - Lipjan Koleksioni i përgjithshem 01/03/2018   R 030 002-2994192 01/03/2018 01/03/2018 Reference
UBT Library © 2015-2024. All rights reserved University Education for Business and Technology